| 000 | 00655nam a2200229Ia 4500 | ||
|---|---|---|---|
| 003 | GCL | ||
| 008 | 140319s9999 xx 000 0 eng d | ||
| 040 |
_aGCL / _cGCL |
||
| 082 | 0 | 4 |
_aCC _b722.2 _bL A |
| 100 | 1 | _aLABROUSSE, AUDRAN | |
| 245 | 1 | 0 |
_aL'ARCHITECTURE DES PYRAMIDES A TEXTES: SAQQRA NORD / _cLABROUSSE, AUDRAN |
| 260 |
_a[S.N] : _bINSTITUTE FRANCAIS D'ARCHEOLOGIE ORIETAL ، _c1996 |
||
| 650 | 0 | 4 | _aARCHITECTURE, ANCIENT |
| 650 | 0 | 4 | _aARTS |
| 650 | 0 | 4 | _aANCIENT EGYPT |
| 650 | 0 | 4 | _aART- EGYPT |
| 650 | 0 | 4 | _aARCHITECTURE |
| 650 | 0 | 4 | _aARCHAEOLOGY |
| 650 | 0 | 4 | _aPYRAMIDS |
| 650 | 0 | 4 | _aSAQQARAH - ANTIQUITIES-GUIDEBOOK |
| 942 |
_2ddc _cBK |
||
| 999 |
_c14022 _d14022 |
||